01079 2200313 4500001002100000008004100021035002000062245028000082700002300362700002100385700001800406700002300424700002000447700001900467700001700486700002400503700002300527700001800550700001700568700002000585260004500605300002000650020001800670084001500688082001100703650002700714990001200741990001200753INLIS000000000015720 ind  a0010-0323000168 aSemesta Cerita KitabSebuah Kumpulan CerpencRuth Priscilia Angelina, Anastasia Aemilia, Harriska Adiati, Andi Tarigan, Novera Kresnawati, Nadira Yasmine, Teguh Affandi, Puji Wijaya, Fialita Widjanarko, Didiet Prihastuti, Nina Andiana, Hetih Rusli; penyunting, Michelle Maria aANASTASIA, Aemilia aHARRISKA, Adiati aTARIGAN, Andi aNOVERA, Kresnawati aNADIRA, Yasmine aTEGUH, Affandi aPUJI, Wijaya aFIALITA, Widjanarko aDIDIET, Prihastuti aNINA, Andiana aHETIH, Rusli aMICHELLE, Maria aJakarta :bGramedia Pustaka Utama,c2019 a222 hal.c20 cm a9786020627939 a808.83 SEM a808.83 aCERITA PENDEK-KUMPULAN a10577 a a10577 b